Modernización del estado, buen gobierno y capacidad institucional /
En este se reseña interpretativamente los logros y ajustes del proceso de modernización del Estado en Costa Rica y su incidencia en la gestión pública, la capacidad institucional, la productividad del gasto y el financiamiento del sector público.
Сохранить в:
| Главный автор: | |
|---|---|
| Формат: | Текст |
| Предметы: | |
| Метки: |
Добавить метку
Нет меток, Требуется 1-ая метка записи!
|
MARC
| LEADER | 00000 a a2200000 04500 | ||
|---|---|---|---|
| 001 | 41202 | ||
| 003 | |||
| 040 | |||
| 100 | |a Cornick, Jorge | ||
| 245 | |a Modernización del estado, buen gobierno y capacidad institucional / |c Jorge Cornick | ||
| 520 | |a En este se reseña interpretativamente los logros y ajustes del proceso de modernización del Estado en Costa Rica y su incidencia en la gestión pública, la capacidad institucional, la productividad del gasto y el financiamiento del sector público. | ||
| 590 | |a SJB/NOVIEMBRE2012 | ||
| 650 | |a 1.MODERNIZACION | ||
| 650 | |a 2.ESTADO | ||
| 650 | |a 3.GESTION PUBLICA | ||
| 650 | |a 4.GASTOS PUBLICOS | ||
| 650 | |a 5.FINANCIAMIENTO | ||
| 650 | |a 6.SECTOR PUBLICO | ||
| 650 | |a 7.GOBIERNO | ||
| 650 | |a 8.COSTA RICA | ||
| 773 | |g número48 ( , 2005), páginas 117-125 | ||
| 999 | |c 38081 |d 38081 | ||
